| 000 | 01091naa a22002897a 4500 | ||
|---|---|---|---|
| 001 | BR9102896 | ||
| 003 | BR-BrBNA | ||
| 005 | 20250721155412.0 | ||
| 007 | ta | ||
| 008 | 250630b bl.|||m| |||| 00| 0 por d | ||
| 040 |
_aBR-BrBNA _bpor _cBiblioteca Nacional de Agricultura |
||
| 041 | _a(Pt) | ||
| 072 |
_aH10 _b0150 _b4020 _bG514 |
||
| 090 | _aH10 BR9102896 | ||
| 100 | 1 | _aFerreira, E. | |
| 111 | 1 |
_a3. Reuniao Nacional de Pesquisa de Arroz _cGoiania, GO (Brazil) _d16-20 Feb 1987 |
|
| 245 | 1 | _aControle integrado de insetos-pragas do arroz no Brasil | |
| 500 | _aAnais da 3. Reuniao Nacional de Pesquisa de Arroz Goiania, GO (Brasil): 1991. p. 164-179 [11 ref.] (BR9102896-AMS) | ||
| 773 | 0 |
_tAnais da 3. Reuniao Nacional de Pesquisa de Arroz _wH10 BR9102896 _gGoiania, GO (Brasil), 1991. p. 164-179 |
|
| 650 | _aARROZ | ||
| 650 | _aPRAGA DE PLANTA | ||
| 650 | _aINSETO | ||
| 650 | _aCONTROLE INTEGRADO | ||
| 490 |
_aDocumentos - Centro Nacional de Pesquisa em Arroz e Feijao (Brazil) _vno. 25 _xISSN 0101-9716 |
||
| 942 |
_cAMS _2AGRIS |
||
| 909 |
_a202506 _bLúcia _c55 _dLúcia Elande |
||
| 999 |
_c336295 _d336295 |
||